000 00616nam a2200157 4500
999 _c63798
_d63798
003 Ge_BSU
005 20260115203912.0
008 260115s1976 ge ||||| |||| 00| 0 geo d
041 _ageo
080 _a330.342.151 ს-74
245 _aსოციალისტური წარმოების ეკონომიკური ცოდნის საფუძვლები.
264 _aთბ. :
_bგანათლება,
_c1976.
300 _a242 გვ. ;
_b22 სმ.
653 _aსოციალისტური წარმოების წესი
942 _2udc
_cᲬᲘᲒᲜᲘ